Leading change / (Record no. 8603)
[ view plain ]
| 000 -LEADER | |
|---|---|
| fixed length control field | 00849nam a22002532 4500 |
| 001 - CONTROL NUMBER | |
| control field | 0000018634 |
| 005 - DATE AND TIME OF LATEST TRANSACTION | |
| control field | 20151217152131.0 |
| 008 - FIXED-LENGTH DATA ELEMENTS--GENERAL INFORMATION | |
| fixed length control field | 100224s xx 000 0 eng d |
| 020 ## - INTERNATIONAL STANDARD BOOK NUMBER | |
| International Standard Book Number | 0875847474 : |
| 040 ## - CATALOGING SOURCE | |
| Original cataloging agency | KABU |
| Transcribing agency | KABU |
| 100 1# - MAIN ENTRY--PERSONAL NAME | |
| Personal name | Kotter, John P., |
| Dates associated with a name | 1947-. |
| -- | 0000116117 |
| 245 10 - TITLE STATEMENT | |
| Title | Leading change / |
| Statement of responsibility, etc. | John P. Kotter. |
| 250 ## - EDITION STATEMENT | |
| Edition statement | 1st ed. |
| 260 ## - PUBLICATION, DISTRIBUTION, ETC. (IMPRINT) | |
| Place of publication, distribution, etc. | Boston : |
| Name of publisher, distributor, etc. | Havard Business School Press, |
| Date of publication, distribution, etc. | 1996. |
| 300 ## - PHYSICAL DESCRIPTION | |
| Extent | ix, 187 p. |
| 650 #0 - SUBJECT ADDED ENTRY--TOPICAL TERM | |
| Topical term or geographic name as entry element | Organizational change. |
| -- | 0000150813 |
| 650 #0 - SUBJECT ADDED ENTRY--TOPICAL TERM | |
| Topical term or geographic name as entry element | Leadership. |
| -- | 0000150687 |
| 852 1# - LOCATION | |
| -- | p2290 KES |
| 852 1# - LOCATION | |
| -- | p2290 KES |
| 852 1# - LOCATION | |
| -- | p2290 KES |
| 852 1# - LOCATION | |
| -- | p2290 KES |
| 908 ## - PUT COMMAND PARAMETER (RLIN) | |
| Put command parameter | 100224 |
| 950 ## - LOCAL HOLDINGS (RLIN) | |
| -- | 1 |
| Withdrawn status | Lost status | Source of classification or shelving scheme | Not for loan | Home library | Current library | Date acquired | Total Checkouts | Total Renewals | Full call number | Barcode | Date last seen | Date last checked out | Price effective from | Koha item type | Copy number |
|---|---|---|---|---|---|---|---|---|---|---|---|---|---|---|---|
| Library of Congress Classification | Kabarak, Main Campus | Kabarak, Main Campus | 17/12/2015 | 4 | 2 | HD58.8 .K68 1996 c. 1 | 18672 | 13/02/2020 | 13/02/2020 | 17/12/2015 | General Collection | ||||
| Library of Congress Classification | Kabarak, Main Campus | Kabarak, Main Campus | 17/12/2015 | HD58.8 .K68 1996 c. 2 | 24472 | 02/08/2024 | 17/12/2015 | General Collection | |||||||
| Library of Congress Classification | Kabarak, Main Campus | Kabarak, Main Campus | 17/12/2015 | HD58.8 .K68 1996 c. 3 | 24473 | 02/08/2024 | 17/12/2015 | General Collection | |||||||
| Library of Congress Classification | Kabarak, Main Campus | Kabarak, Main Campus | 17/12/2015 | 1 | HD58.8 .K68 1996 c. 4 | 24474 | 02/08/2024 | 15/07/2016 | 17/12/2015 | General Collection | C.4 |